Detalles MARC
| 000 -CABECERA |
| Campo de control |
01529cas a2200433 4500 |
| 005 - FECHA Y HORA DE LA ULTIMA TRANSACCION |
| Campo de control |
20180803170401.0 |
| 008 - ELEMENTOS DE LONGITUD FIJA—INFORMACION GENERAL |
| Campo de control |
810313c18689999gw bx p 0 b1ger |
| 022 ## - ISSN |
| ISSN |
1869-0963 (impreso) |
| 022 ## - ISSN |
| ISSN |
2367-0622 (digital) |
| 022 ## - ISSN |
| ISSN |
0003-9284 |
| 022 ## - ISSN |
| ISSN |
0723-4244 |
| 040 ## - FUENTE DE CATALOGACIÓN |
| Agencia catalogadora original |
DLC |
| Agencia transcriptora |
KSU |
| Agencia Modificadora |
COO |
| -- |
HUL |
| -- |
MUL |
| -- |
HUL |
| -- |
OCL |
| -- |
OCLCQ |
| -- |
OCLCG |
| -- |
OCLCQ |
| -- |
DLC |
| -- |
OCLCA |
| -- |
OCLCF |
| -- |
OCLCO |
| -- |
CGU |
| -- |
OCLCO |
| -- |
CO-Bo-IAVH |
| 041 0# - IDIOMA |
| Código de idioma para texto/pista de sonido o título separado |
Alemán |
| Código de idioma del sumario o resumen/título o subtítulo sobreimpreso |
eng |
| 044 ## - PAÍS DE PUBLICACIÓN |
| País de publicación |
Alemania |
| 090 ## - CLASIFICACIÓN LOCAL |
| Colección |
SE |
| 245 00 - MENCION DE TITULO |
| Título |
Archiv für Molluskenkunde. |
| 246 1# - FORMA VARIANTE DEL TITULO |
| Título propiamente dicho/forma breve del título |
International journal of malacology |
| Date or sequential designation |
2004- |
| 246 1# - FORMA VARIANTE DEL TITULO |
| Título propiamente dicho/forma breve del título |
Journal of the Deutsche Malakozoologische Gesellschaft |
| Date or sequential designation |
2004- |
| 247 10 - FORMER TITLE |
| Date or sequential designation |
1920-1936 |
| 247 10 - FORMER TITLE |
| Date or sequential designation |
1937-1940 |
| 247 10 - FORMER TITLE |
| Date or sequential designation |
1941-1943;1947-2003 |
| 247 00 - FORMER TITLE |
| Date or sequential designation |
Dec. 1868-Oct. 1919 |
| 260 ## - PUBLICACION, DISTRIBUCION, ETC. (PIE DE IMPRENTA) |
| Lugar de publicación, distribución, etc. |
Frankfurt am Main, |
| Nombre del editor, distribuidor, etc. |
Senckenberg Gesellschaft für Naturforschung. |
| Fecha de publicación, distribución, etc. |
. |
| 260 2# - PUBLICACION, DISTRIBUCION, ETC. (PIE DE IMPRENTA) |
| Lugar de publicación, distribución, etc. |
Frankfurt am Main, |
| Nombre del editor, distribuidor, etc. |
Senckenbergische Naturforschende Gesellschaft. |
| Fecha de publicación, distribución, etc. |
. |
| 300 ## - DESCRIPCION FISICA |
| Otros detalles físicos |
ilustraciones, mapas y placas |
| Dimensiones |
21 -24 cm. |
| 310 ## - FRECUENCIA ACTUAL DE LA PUBLICACIÓN |
| Date of current publication frequency |
<2002>- |
| Frecuencia actual de la publicación |
Semestral |
| 321 ## - FRECUENCIA ANTERIOR DELA PUBLICACIÓN |
| Frecuencia anterior de la publicación |
Mensual |
| Former publication frequency |
Dec. 1868-Dec. 1884 |
| 321 ## - FRECUENCIA ANTERIOR DELA PUBLICACIÓN |
| Frecuencia anterior de la publicación |
Bimensual |
| Former publication frequency |
Jan. 1885-Dec. 1903 |
| 321 ## - FRECUENCIA ANTERIOR DELA PUBLICACIÓN |
| Frecuencia anterior de la publicación |
Trimestral |
| Former publication frequency |
Jan. 1904-1920 |
| 321 ## - FRECUENCIA ANTERIOR DELA PUBLICACIÓN |
| Frecuencia anterior de la publicación |
Desconocido |
| Former publication frequency |
1921-<1934> |
| 546 ## - NOTA DE IDIOMA |
| Nota de idioma |
Resúmenes en inglés. |
| 650 26 - ASIENTO SECUNDARIO DE MATERIA - TERMINO TEMATICO |
| Término temático o nombre geográfico como elemento de entrada |
Mollusca |
| Subdivisión de forma |
Publicaciones periódicas |
| 9 (RLIN) |
81205 |
| 650 26 - ASIENTO SECUNDARIO DE MATERIA - TERMINO TEMATICO |
| Término temático o nombre geográfico como elemento de entrada |
Mollusca |
| Subdivisión geográfica |
Alemania |
| 9 (RLIN) |
81206 |
| 650 26 - ASIENTO SECUNDARIO DE MATERIA - TERMINO TEMATICO |
| Término temático o nombre geográfico como elemento de entrada |
Moluscos |
| 9 (RLIN) |
95403 |
| 651 #6 - ASIENTO SECUNDARIO DE MATERIA - NOMBRE GEOGRAFICO |
| Nombre geográfico |
Alemania |
| 9 (RLIN) |
27626 |
| 710 2# - ASIENTO SECUNDARIO - NOMBRE CORPORATIVO |
| Nombre corporativo o de jurisdicción como elemento de entrada |
Senckenberg Gesellschaft für Naturforschung |
| 9 (RLIN) |
33870 |
| 776 08 - ADDITIONAL PHYSICAL FORM ENTRY |
| Display text |
Online version: |
| Title |
Archiv für Molluskenkunde |
| Record control number |
(OCoLC)652283005 |
| 942 ## - ELEMENTOS ADICIONALES (KOHA) |
| Sistema de clasificación |
Local |
| Tipo de ítem |
Periodica o revista |
| Serial record |
1 |